Estatísticas para Países mais próximos ao Bahrein

Clique aqui para jogar o quiz

Estatísticas Gerais

  • Esse quiz foi jogado 86 vezes
  • A pontuação média é 17 de 20

Estatísticas das Respostas

kmpaís% Correto
0Arábia Saudita
100%
191Irão
99%
448Iraque
99%
1Catar
97%
158Emirados
Árabes Unidos
97%
771Iémen
96%
509Omã
94%
1283Síria
94%
1088Paquistão
92%
1269Jordânia
91%
1077Afeganistão
90%
1449Egito
87%
1356Azerbaijão
83%
322Kuweit
81%
1325Turquia
77%
1513Eritreia
74%
1447Armênia
73%
1264Turquemenistão
73%
1513Somália
69%
1449Sudão
58%

Distribuição das Pontuações

Percentil de Números Respondidos

Porcentagem de Pessoas com Cada Pontuação

Sua Pontuação Histórica

Você não jogou esse quiz